Statistics for Landmark Supreme Court Cases

Click here to take the quiz!

General Stats

  • This quiz has been taken 961 times
    (927 since last reset)
  • The average score is 8 of 26

Answer Stats

YearSummaryAnswer% Correct
1973The constitutional right to privacy protects a woman's right to abortion.Roe v. Wade
90%
1954Reverses the "separate but equal" doctrine in schools.Brown vs. Board of Education
80%
1966Criminal suspects must be informed of their rights before being questioned.Miranda v. Arizona
65%
1803Gives the Supreme Court the power of judicial review.Marbury v. Madison
60%
1857African-Americans could not claim U.S. citizenship and slaves' status would continue to be 'property'.Dred Scott v. Sandford
57%
1974The President is not above the law.United States v. Nixon
57%
1896Upheld Jim Crow laws so long as segregated facilities were "separate but equal".Plessy v. Ferguson
55%
1967Bans on interracial marriage are unconstitutional under the Fourteenth Amendment.Loving v. Virginia
41%
2022Reverses protections on a woman's right to abortion.Dobbs v. Jackson
38%
2015Bans on same-sex marriage are unconstitutional under the Fourteenth Amendment.Obergefell v. Hodges
35%
2010Corporations and unions cannot be restricted from spending money to promote a political campaign as long as it is done independently of the candidates.Citizens United v. FEC
34%
1989Protects flag-burning and other desecration of the flag as a matter of free speech.Texas v. Johnson
24%
1963Defendants in criminal cases must be provided counsel if they cannot afford it.Gideon v. Wainwright
23%
1965The Constitution gives married couples the right to access contraception as a matter of individual privacy.Griswold v. Connecticut
19%
2003Criminal punishment for sodomy violates the constitutional right to privacy.Lawrence v. Texas
17%
1819Defined Congress's right to pass laws that are "necessary and proper" and established the supremacy of federal over state government.McCullough v. Maryland
17%
1964In order to win a libel case, "actual malice" on the part of the writer must be proven.New York Times v. Sullivan
17%
1969School dress codes may not violate students' First Amendment rights.Tinker v. Des Moines
17%
1919Speech which presents a "clear and present danger" to national security is not protected by the First Amendment.Schenck v. United States
15%
1824Only the federal government can regulate interstate commerce.Gibbons v. Ogden
14%
1961Evidence that is illegally obtained by the state cannot be used in court.Mapp v. Ohio
13%
1962Public institutions such as schools cannot initiate prayer.Engel v. Vitale
12%
1962Voting districts cannot be drawn in a way that violates the Fourteenth Amendment.Baker v. Carr
10%
2002Random drug tests of students participating in extracurricular activities do not violate the Fourth Amendment.Board of Education v. Earls
3%
2005To execute a person for crimes they committed before the age of 18 constitutes cruel and unusual punishment.Roper v. Simmons
3%
2000Student-led, student-initiated prayer at football games violates the First Amendment's establishment clause.Santa Fe Independent School District v. Doe
3%

Score Distribution

Percentile by Number Answered

Percent of People with Each Score

Your Score History

You have not taken this quiz since the last reset